000
00329nam a2200133Ia 4500
003
Ost
005
20260225132548.0
008
260225s9999||||xx |||||||||||||| ||und||
040
_c
fsic
041
_a
fre
082
_a
440
245
0
_a
Recueil des Accord de cooporation culturelle scientifique et techenique /
942
_c
كتاب
999
_c
33983
_d
33983